Sports Quiz

Random Sports Quiz

Pittsburgh Penguins Hall of Famers Quiz Stats

 Plays Quiz not verified by Sporcle

Challenge
Share
Tweet
Embed
Score 0/10 Timer 05:00
0 Plays Today
Year Inducted Player % Correct
1997Mario Lemieux
99.5%
2007Ron Francis
84.9%
2004Paul Coffey
81.6%
2004Larry Murphy
67%
1997Bryan Trottier
66.5%
2000Joe Mullen
60.5%
2009Luc Robitaille
43.8%
1978Andy Bathgate
38.4%
1977Tim Horton
32.4%
1986Leo Boivin
11.9%

You're not logged in!

Compare scores with friends on all Sporcle quizzes.
Join for Free
OR
Log In

You Might Also Like...

Show Comments

Extras

Top Quizzes Today


Score Distribution

Your Account Isn't Verified!

In order to create a playlist on Sporcle, you need to verify the email address you used during registration. Go to your Sporcle Settings to finish the process.

Report this User

Report this user for behavior that violates our Community Guidelines.

Details: